LIBRARY & INFORMATION CENTRE, KCAET, TAVANUR

ONLINE PUBLIC ACCESS CATALOGUE (OPAC)

Land resource management / (Record no. 10473)

MARC details
000 -LEADER
fixed length control field 00459cam a2200181ua 4500
041 ## - LANGUAGE CODE
Language code of text/sound track or separate title eng
082 ## - DEWEY DECIMAL CLASSIFICATION NUMBER
Classification number 333.731
Item number ABH/LA
100 ## - MAIN ENTRY--AUTHOR NAME
Personal name Abha Lakshmi, Singh .
245 ## - TITLE STATEMENT
Title Land resource management /
260 ## - PUBLICATION, DISTRIBUTION, ETC. (IMPRINT)
Place of publication :
Name of publisher B R Publishing Corporation ,
Year of publication 1946.
300 ## - PHYSICAL DESCRIPTION
Number of Pages 407 ; .
500 ## - GENERAL NOTE
General note **Reference
942 ## - ADDED ENTRY ELEMENTS (KOHA)
Koha item type Books
Holdings
Withdrawn status Lost status Damaged status Home library Current library Date acquired Full call number Accession Number Koha item type
      KAUAET KAUAET 07/04/2012 333.731 19761 Reference
free website counter